5 sectrets of living. (Record no. 16521)

000 -LEADER
fixed length control field 00508nam a2200169 a 4500
001 - CONTROL NUMBER
control field :::00019484$&:&@@
003 - CONTROL NUMBER IDENTIFIER
control field OkBaRHE
005 - DATE AND TIME OF LATEST TRANSACTION
control field 20010411133719.0
008 - FIXED-LENGTH DATA ELEMENTS--GENERAL INFORMATION
fixed length control field s1978 j 000 0 eng u
040 ## - CATALOGING SOURCE
Transcribing agency
100 1# - MAIN ENTRY--PERSONAL NAME
Personal name Wiersbe, Warren W.
245 10 - TITLE STATEMENT
Title 5 sectrets of living.
260 ## - PUBLICATION, DISTRIBUTION, ETC. (IMPRINT)
Place of publication, distribution, etc Wheaton, Illinois
Name of publisher, distributor, etc Tyndale House Publishers, Inc.
Date of publication, distribution, etc 1978
300 ## - PHYSICAL DESCRIPTION
Extent 88 p.
942 ## - ADDED ENTRY ELEMENTS (KOHA)
Source of classification or shelving scheme
Koha item type Books
Copies
Date last seen Barcode Withdrawn status Not for loan Permanent Location Full call number Damaged status Copy number Shelving location Date acquired Source of classification or shelving scheme Koha item type Price effective from Lost status
2010-04-1419484  RHEMA Bible Training CollegeBV 4501.2 .W5183 1General Stacks2010-04-14 Books2010-04-14